<?xml version="1.0" encoding="UTF-8"?>
<record
    xmlns:xsi="http://www.w3.org/2001/XMLSchema-instance"
    xsi:schemaLocation="http://www.loc.gov/MARC21/slim http://www.loc.gov/standards/marcxml/schema/MARC21slim.xsd"
    xmlns="http://www.loc.gov/MARC21/slim">

  <leader>04340nam a2200817 a 4500</leader>
  <controlfield tag="005">20240429134249.0</controlfield>
  <controlfield tag="008">100310s2011||||sp a   f      001 0 sp  d</controlfield>
  <datafield tag="020" ind1=" " ind2=" ">
    <subfield code="a">9788492977215</subfield>
  </datafield>
  <datafield tag="041" ind1=" " ind2=" ">
    <subfield code="a">spa</subfield>
  </datafield>
  <datafield tag="092" ind1=" " ind2=" ">
    <subfield code="c">616.025</subfield>
    <subfield code="l">5</subfield>
    <subfield code="s">AYU</subfield>
  </datafield>
  <datafield tag="100" ind1="1" ind2=" ">
    <subfield code="a">Ayuso Baptista, F.</subfield>
    <subfield code="e">Dir.</subfield>
    <subfield code="q">(Fernando)</subfield>
    <subfield code="9">2582</subfield>
  </datafield>
  <datafield tag="245" ind1=" " ind2=" ">
    <subfield code="a">Manejo inicial del paciente traumatizado grave.</subfield>
    <subfield code="b">Urgencias y emergencias /</subfield>
    <subfield code="c">F. Ayuso Baptista</subfield>
  </datafield>
  <datafield tag="250" ind1=" " ind2=" ">
    <subfield code="a">1a ed.</subfield>
  </datafield>
  <datafield tag="260" ind1=" " ind2=" ">
    <subfield code="a">Madrid: </subfield>
    <subfield code="b">Aran; </subfield>
    <subfield code="c">2011.</subfield>
  </datafield>
  <datafield tag="300" ind1=" " ind2=" ">
    <subfield code="a">837 p.</subfield>
    <subfield code="b">il.</subfield>
  </datafield>
  <datafield tag="500" ind1=" " ind2=" ">
    <subfield code="a">Ayuso Baptista, F. (Dir.). (2011). Manejo inicial del paciente traumatizado grave. Urgencias y emergencias. (1a ed.). Madrid : Aran ediciones.</subfield>
  </datafield>
  <datafield tag="653" ind1=" " ind2=" ">
    <subfield code="a">Sistema integral de urgencias y emergencias en la atenci&#xF3;n al trauma grave. Connotaciones especiales de la asistencia prehospitalaria</subfield>
  </datafield>
  <datafield tag="653" ind1=" " ind2=" ">
    <subfield code="a">Sistemas de atenci&#xF3;n al trauma. Visi&#xF3;n hist&#xF3;rica</subfield>
  </datafield>
  <datafield tag="653" ind1=" " ind2=" ">
    <subfield code="a">Epidemiolog&#xED;a de la enfermedad traum&#xE1;tica grave</subfield>
  </datafield>
  <datafield tag="653" ind1=" " ind2=" ">
    <subfield code="a">Medidas de prevenci&#xF3;n en el paciente traumatizado grave</subfield>
  </datafield>
  <datafield tag="653" ind1=" " ind2=" ">
    <subfield code="a">Muerte evitable en trauma grave. Lesiones previsibles</subfield>
  </datafield>
  <datafield tag="653" ind1=" " ind2=" ">
    <subfield code="a">Seguridad cl&#xED;nica en la atenci&#xF3;n al paciente traumatizado grave</subfield>
  </datafield>
  <datafield tag="653" ind1=" " ind2=" ">
    <subfield code="a">Medicina basada en la evidencia en la atenci&#xF3;n inicial al trauma grave</subfield>
  </datafield>
  <datafield tag="653" ind1=" " ind2=" ">
    <subfield code="a">Calidad asistencial en el paciente traum&#xE1;tico grave</subfield>
  </datafield>
  <datafield tag="653" ind1=" " ind2=" ">
    <subfield code="a">Aspectos b&#xE1;sicos de la coordinaci&#xF3;n ante una demanda asistencial</subfield>
  </datafield>
  <datafield tag="653" ind1=" " ind2=" ">
    <subfield code="a">Biomec&#xE1;nica del accidente de tr&#xE1;fico</subfield>
  </datafield>
  <datafield tag="653" ind1=" " ind2=" ">
    <subfield code="a">Valoraci&#xF3;n de la escena</subfield>
  </datafield>
  <datafield tag="653" ind1=" " ind2=" ">
    <subfield code="a">Medidas de seguridad de los equipos actuantes</subfield>
  </datafield>
  <datafield tag="653" ind1=" " ind2=" ">
    <subfield code="a">Transporte sanitario en el trauma</subfield>
  </datafield>
  <datafield tag="653" ind1=" " ind2=" ">
    <subfield code="a">Atenci&#xF3;n inicial al trauma por equipos asistenciales prehospitalarios. Prioridades. Valoraci&#xF3;n primaria y secundaria</subfield>
  </datafield>
  <datafield tag="653" ind1=" " ind2=" ">
    <subfield code="a">Atenci&#xF3;n al trauma grave en los servicios de urgencias hospitalarios</subfield>
  </datafield>
  <datafield tag="653" ind1=" " ind2=" ">
    <subfield code="a">Cuidados de enfermeria al paciente traumatizado grave</subfield>
  </datafield>
  <datafield tag="653" ind1=" " ind2=" ">
    <subfield code="a">Oxigenoterapia y manejo b&#xE1;sico de la v&#xED;a a&#xE9;rea en el trauma grave</subfield>
  </datafield>
  <datafield tag="653" ind1=" " ind2=" ">
    <subfield code="a">intubaci&#xF3;n de secuencia r&#xE1;pida (IRS) en el paciente traum&#xE1;tico grave</subfield>
  </datafield>
  <datafield tag="653" ind1=" " ind2=" ">
    <subfield code="a">Ventilaci&#xF3;n mec&#xE1;nica en el paciente traum&#xE1;tico grave</subfield>
  </datafield>
  <datafield tag="653" ind1=" " ind2=" ">
    <subfield code="a">Shock en el paciente traumatizado grave</subfield>
  </datafield>
  <datafield tag="653" ind1=" " ind2=" ">
    <subfield code="a">Asistencia inicial al traumatismo craneoencef&#xE1;lico</subfield>
  </datafield>
  <datafield tag="653" ind1=" " ind2=" ">
    <subfield code="a">Traumatismo maxilofacial</subfield>
  </datafield>
  <datafield tag="653" ind1=" " ind2=" ">
    <subfield code="a">TAC de cr&#xE1;neo en el traumatismo craneoencef&#xE1;lico</subfield>
  </datafield>
  <datafield tag="653" ind1=" " ind2=" ">
    <subfield code="a">Valoraci&#xF3;n y resucitaci&#xF3;n inical del trauma tor&#xE1;cico grave</subfield>
  </datafield>
  <datafield tag="653" ind1=" " ind2=" ">
    <subfield code="a">Radiolog&#xED;a de t&#xF3;rax en pacientes traum&#xE1;ticos graves</subfield>
  </datafield>
  <datafield tag="653" ind1=" " ind2=" ">
    <subfield code="a">Traumatismo abdominal y p&#xE9;lvico</subfield>
  </datafield>
  <datafield tag="653" ind1=" " ind2=" ">
    <subfield code="a">TAC en el traumatismo toracoabdominal</subfield>
  </datafield>
  <datafield tag="653" ind1=" " ind2=" ">
    <subfield code="a">Ecograf&#xED;a abdominal de urgencias en el paciente traum&#xE1;tico grave</subfield>
  </datafield>
  <datafield tag="653" ind1=" " ind2=" ">
    <subfield code="a">Traumatismo raquimedular</subfield>
  </datafield>
  <datafield tag="653" ind1=" " ind2=" ">
    <subfield code="a">Radiolog&#xED;a de columna</subfield>
  </datafield>
  <datafield tag="653" ind1=" " ind2=" ">
    <subfield code="a">Traumatismo de las extremidades</subfield>
  </datafield>
  <datafield tag="653" ind1=" " ind2=" ">
    <subfield code="a">T&#xE9;cnicas traumatol&#xF3;gicas en un servicio de urgencias. Reducci&#xF3;n de fracturas y luxaciones. Artrocentesis</subfield>
  </datafield>
  <datafield tag="653" ind1=" " ind2=" ">
    <subfield code="a">Lesiones t&#xE9;rmicas, el&#xE9;ctricas y qu&#xED;micas</subfield>
  </datafield>
  <datafield tag="653" ind1=" " ind2=" ">
    <subfield code="a">Congelaci&#xF3;n e hipotermia</subfield>
  </datafield>
  <datafield tag="653" ind1=" " ind2=" ">
    <subfield code="a">Paciente ahogado</subfield>
  </datafield>
  <datafield tag="653" ind1=" " ind2=" ">
    <subfield code="a">S&#xED;ndrome de onda expansiva (SOE). Aplastamiento. Amputaciones</subfield>
  </datafield>
  <datafield tag="653" ind1=" " ind2=" ">
    <subfield code="a">Connotaciones especiales del trauma grave en gestantes. Ces&#xE1;rea port mortem</subfield>
  </datafield>
  <datafield tag="653" ind1=" " ind2=" ">
    <subfield code="a">Manejo inicial del trauma pedi&#xE1;trico grave I</subfield>
  </datafield>
  <datafield tag="653" ind1=" " ind2=" ">
    <subfield code="a">Manejo inicial del trauma pedi&#xE1;trico grave II</subfield>
  </datafield>
  <datafield tag="653" ind1=" " ind2=" ">
    <subfield code="a">Maltrato infantil</subfield>
  </datafield>
  <datafield tag="653" ind1=" " ind2=" ">
    <subfield code="a">Manejo inicial del trauma grave en el anciano</subfield>
  </datafield>
  <datafield tag="653" ind1=" " ind2=" ">
    <subfield code="a">Parada cardiorrespiratoria en el paciente traum&#xE1;tico grave</subfield>
  </datafield>
  <datafield tag="653" ind1=" " ind2=" ">
    <subfield code="a">Analgesia en paciente traum&#xE1;tico grave</subfield>
  </datafield>
  <datafield tag="653" ind1=" " ind2=" ">
    <subfield code="a">V&#xED;as alternativas de analgesia en el paciente con dolor agudo traum&#xE1;tico</subfield>
  </datafield>
  <datafield tag="653" ind1=" " ind2=" ">
    <subfield code="a">Bloqueos nerviosos</subfield>
  </datafield>
  <datafield tag="653" ind1=" " ind2=" ">
    <subfield code="a">Sedaci&#xF3;n del paciente traum&#xE1;tico grave</subfield>
  </datafield>
  <datafield tag="653" ind1=" " ind2=" ">
    <subfield code="a">Bloqueantes neuromusculares en el paciente traum&#xE1;tico grave</subfield>
  </datafield>
  <datafield tag="653" ind1=" " ind2=" ">
    <subfield code="a">Inmovilizaci&#xF3;n y movilizaci&#xF3;n de pacientes traum&#xE1;ticos graves</subfield>
  </datafield>
  <datafield tag="653" ind1=" " ind2=" ">
    <subfield code="a">Sistemas de puntuaci&#xF3;n de gravedad en lesionados traum&#xE1;ticos</subfield>
  </datafield>
  <datafield tag="653" ind1=" " ind2=" ">
    <subfield code="a">Fundamentos b&#xE1;sicos para la atenci&#xF3;n sanitaria a las cat&#xE1;strofes</subfield>
  </datafield>
  <datafield tag="653" ind1=" " ind2=" ">
    <subfield code="a">Fundamentos b&#xE1;sicos de triage en situaciones de emergencias</subfield>
  </datafield>
  <datafield tag="653" ind1=" " ind2=" ">
    <subfield code="a">Fundamentos de log&#xED;stica sanitaria en situaciones de cat&#xE1;strofes</subfield>
  </datafield>
  <datafield tag="653" ind1=" " ind2=" ">
    <subfield code="a">Formaci&#xF3;n en trauma grave</subfield>
  </datafield>
  <datafield tag="942" ind1=" " ind2=" ">
    <subfield code="2">ddc</subfield>
    <subfield code="c">BK</subfield>
  </datafield>
  <datafield tag="999" ind1=" " ind2=" ">
    <subfield code="c">1610</subfield>
    <subfield code="d">1610</subfield>
  </datafield>
  <datafield tag="952" ind1=" " ind2=" ">
    <subfield code="0">0</subfield>
    <subfield code="1">0</subfield>
    <subfield code="2">ddc</subfield>
    <subfield code="4">0</subfield>
    <subfield code="7">0</subfield>
    <subfield code="8">REF</subfield>
    <subfield code="a">BFM</subfield>
    <subfield code="b">BFM</subfield>
    <subfield code="c">REF</subfield>
    <subfield code="d">2013-08-01</subfield>
    <subfield code="g">306.00</subfield>
    <subfield code="l">0</subfield>
    <subfield code="o">616.025 5 AYU</subfield>
    <subfield code="p">3108</subfield>
    <subfield code="r">2014-11-06</subfield>
    <subfield code="t">ej.1</subfield>
    <subfield code="w">2013-08-01</subfield>
    <subfield code="y">REF</subfield>
    <subfield code="z">LIBRO DE CONSULTA. COMPRA PROMED, 2DO A&#xD1;O. AGOSTO 2013</subfield>
  </datafield>
  <datafield tag="952" ind1=" " ind2=" ">
    <subfield code="0">0</subfield>
    <subfield code="1">0</subfield>
    <subfield code="2">ddc</subfield>
    <subfield code="4">0</subfield>
    <subfield code="7">0</subfield>
    <subfield code="a">BFM</subfield>
    <subfield code="b">BFM</subfield>
    <subfield code="c">CR</subfield>
    <subfield code="d">2013-08-01</subfield>
    <subfield code="g">306.00</subfield>
    <subfield code="l">2</subfield>
    <subfield code="m">2</subfield>
    <subfield code="o">616.025 5 AYU</subfield>
    <subfield code="p">3109</subfield>
    <subfield code="r">2016-04-25</subfield>
    <subfield code="s">2016-04-21</subfield>
    <subfield code="t">ej.2</subfield>
    <subfield code="w">2013-08-01</subfield>
    <subfield code="y">BK</subfield>
    <subfield code="z">COMPRA PROMED, 2DO A&#xD1;O. AGOSTO 2013</subfield>
  </datafield>
  <datafield tag="952" ind1=" " ind2=" ">
    <subfield code="0">0</subfield>
    <subfield code="1">0</subfield>
    <subfield code="2">ddc</subfield>
    <subfield code="4">0</subfield>
    <subfield code="7">0</subfield>
    <subfield code="a">BFM</subfield>
    <subfield code="b">BFM</subfield>
    <subfield code="c">CR</subfield>
    <subfield code="d">2013-08-01</subfield>
    <subfield code="g">306.00</subfield>
    <subfield code="l">2</subfield>
    <subfield code="o">616.025 5 AYU</subfield>
    <subfield code="p">3110</subfield>
    <subfield code="r">2015-10-29</subfield>
    <subfield code="s">2015-10-28</subfield>
    <subfield code="t">ej.3</subfield>
    <subfield code="w">2013-08-01</subfield>
    <subfield code="y">BK</subfield>
    <subfield code="z">COMPRA PROMED, 2DO A&#xD1;O. AGOSTO 2013</subfield>
  </datafield>
</record>
